000 00236nam a22001097a 4500
082 _a808.3 MOO'B
100 _aMOOREHEAD, ALAN
_949077
245 _aTHE BLUE NILE
260 _aLONDON
_bSOUR SQUARE
_c1969
300 _a318P
942 _cBK
999 _c584495
_d584495